Bách khoa tri thức gia đình trong cuộc sống hiện đại

Kaydedildi:
Detaylı Bibliyografya
Yazar: Nguyễn, Đình Nhữ
Materyal Türü: Kitap
Dil:Undetermined
Baskı/Yayın Bilgisi: Hà Nội Văn hoá Thông tin 2003
Konular:
Etiketler: Etiketle
Etiket eklenmemiş, İlk siz ekleyin!
Thư viện lưu trữ: Trung tâm Học liệu Trường Đại học Cần Thơ
LEADER 00598nam a2200193Ia 4500
001 CTU_73943
008 210402s9999 xx 000 0 und d
020 |b 50000 
082 |a 646.7 
082 |b Nh550 
100 |a Nguyễn, Đình Nhữ 
245 0 |a Bách khoa tri thức gia đình trong cuộc sống hiện đại 
245 0 |c Nguyễn Đình Nhữ 
260 |a Hà Nội 
260 |b Văn hoá Thông tin 
260 |c 2003 
650 |a Knowledge,Management of personal 
904 |i Năm, QHieu 
980 |a Trung tâm Học liệu Trường Đại học Cần Thơ